000 00510nam a2200193 a 4500
001 1754978128676
003 YourLibrary
005 20250812133709.0
008 250812s2001##################000#0#eng##
020 _a9780747553205
082 0 4 _a971.06092
_bFIO
100 1 _aFiorito, Joe,
_eauthor.
245 1 0 _aThe Closer We are to Dying :
260 _bBloomsbury Paperbacks,
_c2001.
300 _a321 pages
650 0 _aFathers and sons.
942 _cENGLISH
040 _aYourLibrary
_beng
_cYourLibrary
999 _c581417
_d581417